000 00698nam a2200217 4500
001 110211
003 ES-MaACL
005 20250815085328.0
007 t|
008 061121s1978 sp r ||||1| spa d
100 0 _aOcón García, Joaquín.
_986506
245 1 0 _aProblemas de ingenería química
_b: operaciones básicas /
_cJoaquín Ocón García, Gabriel Tojo Barreiro.
250 _a3ª. ed. 4ª reimp.
260 _aMadrid :
_bAguilar,
_c1978.
300 _a2v. :
_bil. ;
_c22 cm.
490 1 _aCiencia y técnica
700 1 _aTojo Barreiro, Gabriel.
_9110432
830 0 0 _aCiencia y técnica
_9177702
852 _aES-MaACL
_jA-9474-5
_bR.98224
999 _c110211
_d110211